000 00655nam a2200277Ia 4500
005 20260324125130.0
008 008 260324s9999 xx 000 0 eng d
020 _a9780429146947
037 _aEBOOK
040 _aCRL
040 _beng
040 _cCRL
041 _2eng
041 _aeng
084 _qCRL
100 _aWaltenegus Dargie
_91176824
245 0 _aContext-Aware Computing and Self-Managing Systems
260 _bTaylor and Francis
260 _c2009
365 _a
365 _b290
856 _uhttp://www.taylorfrancis.com/books/9780429146947
942 _cEBOOK
999 _c1771799
_d1771799